2024 Olympics Athletics/Track and Field part 14: Men's Javelin Throw - Statistics

General Stats
  • This quiz has been taken 27 times
  • The average score is 21 of 44
Answer Stats
Event Result Athlete Nationality % Correct
Men's Javelin Throw Final 89,45 (SB) Neeraj Chopra India
100%
Men's Javelin Throw Qualification 89,34 (SB) Neeraj Chopra India
100%
Men's Javelin Throw Final 92,97 (OR) Arshad Nadeem Pakistan
96%
Men's Javelin Throw Qualification 86,59 (SB) Arshad Nadeem Pakistan
96%
Men's Javelin Throw Final 88,54 Anderson Peters Grenada
91%
Men's Javelin Throw Qualification 88,63 (SB) Anderson Peters Grenada
91%
Men's Javelin Throw Final 87,40 Julian Weber Germany
87%
Men's Javelin Throw Qualification 87,76 Julian Weber Germany
87%
Men's Javelin Throw Final 87,72 (SB) Julius Yego Kenya
87%
Men's Javelin Throw Qualification 85,97 (SB) Julius Yego Kenya
87%
Men's Javelin Throw Final 86,16 (SB) Keshorn Walcott Trinidad and Tobago
83%
Men's Javelin Throw Qualification 83,02 Keshorn Walcott Trinidad and Tobago
83%
Men's Javelin Throw Final 88,50 Jakub Vadlejch Czechia
70%
Men's Javelin Throw Qualification 85,63 Jakub Vadlejch Czechia
70%
Men's Javelin Throw Final 84,58 Lassi Etelatalo Finland
70%
Men's Javelin Throw Qualification 82,91 Lassi Etelatalo Finland
70%
Men's Javelin Throw Final 82,68 Oliver Helander Finland
61%
Men's Javelin Throw Qualification 83,81 Oliver Helander Finland
61%
Men's Javelin Throw Final 80,92 Toni Keranen Finland
43%
Men's Javelin Throw Qualification 85,27 Toni Keranen Finland
43%
Men's Javelin Throw Qualification 79,40 Edis Matusevicius Lithuania
35%
Men's Javelin Throw Qualification 72,98 Ihab Abdelrahman Egypt
35%
Men's Javelin Throw Qualification 82,34 Marcin Krukowski Poland
35%
Men's Javelin Throw Qualification 82,48 (SB) Roderick Genki Dean Japan
35%
Men's Javelin Throw Final 80,67 Luiz Mauricio da Silva Brazil
30%
Men's Javelin Throw Qualification 85,91 (AR) Luiz Mauricio da Silva Brazil
30%
Men's Javelin Throw Qualification 79,24 Max Dehning Germany
30%
Men's Javelin Throw Qualification 84,13 (SB) Adrian Mardare Moldova
26%
Men's Javelin Throw Qualification 76,79 Curtis Thompson Usa
26%
Men's Javelin Throw Final 80,10 Andrian Mardare Moldova
22%
Men's Javelin Throw Qualification NM Gatis Cakss Latvia
22%
Men's Javelin Throw Qualification NM Teura'itera'i Tupaia France
22%
Men's Javelin Throw Qualification 79,42 Timothy Herman Belgium
22%
Men's Javelin Throw Qualification 81,84 Artur Felfner Ukraine
17%
Men's Javelin Throw Qualification 75,73 Leandro Ramos Portugal
17%
Men's Javelin Throw Qualification 81,08 Alexandru Mihaita Novac Romania
13%
Men's Javelin Throw Qualification 81,18 Cameron McEntyre Australia
13%
Men's Javelin Throw Qualification 77,53 Chinecherem Nnamdi Nigeria
13%
Men's Javelin Throw Qualification 78,50 Cyprian Mrzyglod Poland
13%
Men's Javelin Throw Qualification 76,89 Dawid Wegner Poland
13%
Men's Javelin Throw Qualification 80,73 Kishore Jena India
13%
Men's Javelin Throw Qualification 77,26 Patriks Gailums Latvia
13%
Men's Javelin Throw Qualification 79,46 Pedro Henrique Rodrigues Brazil
13%
Men's Javelin Throw Qualification 74,87 Moustafa Mahmoud Egypt
9%
No matching quizzes found
Score Distribution
Percent of People with Each Score
Percentile by Number Answered
Your Score History
You have not taken this quiz